|
|
|
|
| LEADER |
00000caa a2200000 c 4500 |
| 001 |
1358162697 |
| 003 |
DE-627 |
| 005 |
20220527153429.0 |
| 007 |
tu |
| 008 |
081120s2008 xx ||||| 00| ||eng c |
| 020 |
|
|
|a 9789050957915
|
| 035 |
|
|
|a (DE-627)1358162697
|
| 035 |
|
|
|a (DE-576)288162692
|
| 035 |
|
|
|a (DE-599)BSZ288162692
|
| 040 |
|
|
|a DE-627
|b ger
|c DE-627
|e rakwb
|
| 041 |
|
|
|a eng
|
| 100 |
1 |
|
|a Rothe, Dawn
|d 1961-
|0 (DE-588)140486445
|0 (DE-627)618899391
|0 (DE-576)261287176
|4 aut
|
| 109 |
|
|
|a Rothe, Dawn 1961-
|a Rothe, Dawn Lynnette 1961-
|a Rothe, Dawn L. 1961-
|
| 245 |
1 |
0 |
|a Genocide, war crimes and crimes against humanity in Central Africa: A criminological exploration
|c Dawn L. Rothe and Christopher W. Mullins
|
| 264 |
|
1 |
|c 2008
|
| 336 |
|
|
|a Text
|b txt
|2 rdacontent
|
| 337 |
|
|
|a ohne Hilfsmittel zu benutzen
|b n
|2 rdamedia
|
| 338 |
|
|
|a Band
|b nc
|2 rdacarrier
|
| 700 |
1 |
|
|a Mullins, Christopher W.
|d 1971-
|0 (DE-588)1146638868
|0 (DE-627)100808798X
|0 (DE-576)188820035
|4 aut
|
| 773 |
0 |
8 |
|i In
|t Supranational criminology
|d Antwerp [u.a.] : Intersentia, 2008
|g (2008), Seite 135-158
|h XV, 593 S.
|w (DE-627)1353653072
|w (DE-576)283653078
|z 9789050957915
|7 nnam
|
| 773 |
1 |
8 |
|g year:2008
|g pages:135-158
|
| 951 |
|
|
|a AR
|
| ELC |
|
|
|b 1
|
| LOK |
|
|
|0 000 xxxxxcx a22 zn 4500
|
| LOK |
|
|
|0 001 258579296X
|
| LOK |
|
|
|0 003 DE-627
|
| LOK |
|
|
|0 004 1358162697
|
| LOK |
|
|
|0 005 20260213081833
|
| LOK |
|
|
|0 008 081120||||||||||||||||ger|||||||
|
| LOK |
|
|
|0 040
|a DE-21-110
|c DE-627
|d DE-21-110
|
| LOK |
|
|
|0 689
|a s
|a Genozid
|
| LOK |
|
|
|0 689
|a s
|a Kriegsverbrechen
|
| LOK |
|
|
|0 689
|a s
|a Verbrechen gegen die Menschlichkeit
|
| LOK |
|
|
|0 689
|a g
|a Afrika
|
| LOK |
|
|
|0 852
|a DE-21-110
|
| LOK |
|
|
|0 852 1
|m p
|9 00
|
| LOK |
|
|
|0 935
|a tre2
|
| LOK |
|
|
|0 938
|k p
|
| LOK |
|
|
|0 939
|a 20-11-08
|b l01
|
| ORI |
|
|
|a WA-MARC-krimdoka001.raw
|